Prečo je potrebný bankový dohľad?
Potreba obozretného podnikania bánk. Úloha bánk vo finančnom systéme, v platobnom mechanizme, pri umiestnení finančných zdrojov i ako ochrana bohatstva. Limitovať riziká vkladateľov, chrániť finančnú infraštruktúru v štáte, udržiavať celkovú stabilitu bankového systému, napomôcť udržať dôveru verejn...
Gespeichert in:
| 1. Verfasser: | |
|---|---|
| Format: | Buchkapitel |
| Sprache: | Slowakisch |
| Schlagworte: | |
| Tags: |
Keine Tags, Fügen Sie das erste Tag hinzu!
|
MARC
| LEADER | 00000naa a2200000 4500 | ||
|---|---|---|---|
| 001 | r013625 | ||
| 005 | 20221213122736.8 | ||
| 041 | 0 | |a slo | |
| 044 | |a SK | ||
| 245 | 1 | 0 | |a Prečo je potrebný bankový dohľad? |c Štefan Galbáč |
| 520 | |a Potreba obozretného podnikania bánk. Úloha bánk vo finančnom systéme, v platobnom mechanizme, pri umiestnení finančných zdrojov i ako ochrana bohatstva. Limitovať riziká vkladateľov, chrániť finančnú infraštruktúru v štáte, udržiavať celkovú stabilitu bankového systému, napomôcť udržať dôveru verejnosti. Tri hlavné ciele bankového dohľadu: zabezpečiť, aby banky v systéme boli finančne "zdravé", dobre riadené a neohrozovali záujmy vkladateľov. | ||
| 610 | 2 | 0 | |a kontrola banková |
| 610 | 2 | 0 | |a úver |
| 610 | 2 | 0 | |a politika úverová |
| 610 | 2 | 0 | |a NBS Bratislava |
| 610 | 2 | 0 | |a banky obchodné |
| 100 | 1 | |a Galbáč, Štefan | |